书目信息 |
| 题名: |
初中化学教案
|
|
| 作者: | 张立言 主编 | |
| 分册: | ||
| 出版信息: | 北京 北京师范大学出版社 1999.9 |
|
| 页数: | 232页 | |
| 开本: | 16开 | |
| 丛书名: | 课堂教学设计丛书 | |
| 单 册: | ||
| 中图分类: | G633.8 | |
| 科图分类: | ||
| 主题词: | 教育--各级 | |
| 电子资源: | ||
| ISBN: | 7-303-05184-8 | |
| 000 | 00666nam0 2200229 45 | |
| 001 | 0004031566 | |
| 005 | 20040915092550.8 | |
| 010 | @a7-303-05184-8@dCNY20.50 | |
| 100 | @a20000403d1999 km y0chiy0120 ea | |
| 101 | 0 | @achi |
| 105 | @a z 000yy | |
| 200 | 1 | @a初中化学教案@e三年级@ESan Nian Ji@AChu Zhong Hua Xue Jiao An@f张立言主编@FZhang Li Yan Zhu Bian |
| 210 | @a北京@c北京师范大学出版社@d1999.9 | |
| 215 | @a232页@d16开 | |
| 225 | @a课堂教学设计丛书 | |
| 410 | @12001 @a课堂教学设计丛书 | |
| 517 | @a三年级@ASan Nian Ji | |
| 606 | 0 | @a教育@x各级 |
| 690 | @aG633.8@v1 | |
| 701 | 0 | @a张立言@4主编 |
| 801 | @aCN@bTSTC@c20000403 | |
| 905 | @dG633.8@e143:3 | |
| 初中化学教案:三年级/张立言主编.-北京:北京师范大学出版社,1999.9 |
| 232页;16开.-(课堂教学设计丛书) |
| ISBN 7-303-05184-8:CNY20.50 |
| ● |
| 相关链接 |
|
|
|
|
正题名:初中化学教案
索取号:G633.8/143:3
 
预约/预借
| 序号 | 登录号 | 条形码 | 馆藏地/架位号 | 状态 | 备注 |
| 1 | 0286988 | 002869881 | 第四借阅区/ [索取号:G633.8/143:3] | 在馆 | |
| 2 | 0286989 | 002869890 | 第四借阅区/ [索取号:G633.8/143:3] | 在馆 | |
| 3 | 0286990 | 002869907 | 第四借阅区/ [索取号:G633.8/143:3] | 在馆 | |
| 4 | 0286991 | 002869916 | 第四借阅区/ [索取号:G633.8/143:3] | 在馆 | |
| 5 | 0286992 | 002869925 | 第四借阅区/ [索取号:G633.8/143:3] | 在馆 | |
| 6 | 0286993 | 002869934 | 第四借阅区/ [索取号:G633.8/143:3] | 在馆 | |
| 7 | 0286994 | 002869943 | 第四借阅区/ [索取号:G633.8/143:3] | 在馆 | |
| 8 | 0286995 | 002869952 | 第四借阅区/ [索取号:G633.8/143:3] | 在馆 | |
| 9 | 0286996 | 002869961 | 第四借阅区/ [索取号:G633.8/143:3] | 在馆 | |
| 10 | 0286998 | 002869989 | 第四借阅区/ [索取号:G633.8/143:3] | 在馆 | |
| 11 | 0286999 | 002869998 | 第四借阅区/ [索取号:G633.8/143:3] | 在馆 | |
| 12 | 0287000 | 002870003 | 第四借阅区/ [索取号:G633.8/143:3] | 在馆 | |
| 13 | 0287001 | 002870012 | 第四借阅区/ [索取号:G633.8/143:3] | 在馆 | |
| 14 | 0287002 | 002870021 | 第四借阅区/ [索取号:G633.8/143:3] | 在馆 | |
| 15 | 0287003 | 002870030 | 第四借阅区/ [索取号:G633.8/143:3] | 在馆 | |
| 16 | 0287004 | 002870049 | 第四借阅区/ [索取号:G633.8/143:3] | 在馆 | |
| 17 | 0287005 | 002870058 | 第四借阅区/ [索取号:G633.8/143:3] | 在馆 | |
| 18 | 0287006 | 002870067 | 第四借阅区/ [索取号:G633.8/143:3] | 在馆 | |
| 19 | 0287007 | 002870076 | 第一样本阅览室/ [索取号:G633.8/143:3] | 在馆 |